00490nam a2200145 a 450000500170000000800410001702000180005805000230007610000180009924500400011726000350015730000130019299900190020595201200022420140412111428.0090627s19uu xx 00 eng d a0-439-32698-2 aTR(PS EbWh55 2002 aWood, Douglas aWhat moms can't do /cDouglas Wood. aNew York :bScholastic,c2001. a1v. unp. c106287d106287 00104050aELbELcTRd2009-06-27eGiftg145.00l0oTR(PS E Wh55 2002pE11544r2014-04-12 00:00:00w2014-04-12yBK